Т. 3 : Электричество; Общий курс физики

Bibliografische gegevens
Parent link:Общий курс физики: учебное пособие для вузов/ Д. В. Сивухин. Т. 3 : Электричество.— , 1974-
Taal:Russisch
Gepubliceerd in: 1977
Onderwerpen:
Formaat: Boek
KOHA link:https://koha.lib.tpu.ru/cgi-bin/koha/opac-detail.pl?biblionumber=66412

MARC

LEADER 00000nam2a2200000 4500
001 66412
005 20231101212246.0
035 |a (RuTPU)RU\TPU\book\70593 
035 |a RU\TPU\book\14481 
090 |a 66412 
100 |a 20040818d1977 m y0rusy50 ca 
101 0 |a rus 
102 |a RU 
105 |a a j 000zy 
200 0 |a Т. 3 : Электричество 
210 |d 1977 
215 |a 687 с. 
461 1 |0 (RuTPU)RU\TPU\book\70591  |t Общий курс физики  |o учебное пособие для вузов  |f Д. В. Сивухин  |v Т. 3 : Электричество  |d 1974- 
606 1 |a Физика  |2 stltpush  |3 (RuTPU)RU\TPU\subj\63709  |9 80688 
606 1 |a Электричество  |2 stltpush  |3 (RuTPU)RU\TPU\subj\27825  |9 51518 
610 1 |a общая физика 
610 1 |a электролиты 
610 1 |a электрические токи 
610 1 |a учебные пособия 
675 |a 53(075.8)  |v 3 
675 |a 537.3(075.8)  |v 3 
801 0 |a RU  |b 63413507  |c 20011209  |g PSBO 
801 1 |a RU  |b 63413507  |c 20040818  |g PSBO 
801 2 |a RU  |b 63413507  |c 20161031  |g PSBO 
942 |c BK